Escritores del medio siglo: antología de prosa y poesía hispanoamericanas

Spremljeno u:
Bibliografski detalji
Format: Knjiga
Jezik:španjolski
Izdano: Buenos Aires Centro Editor América Latina 1969
Serija:Biblioteca Básica Universal
Teme:
Oznake: Dodaj oznaku
Bez oznaka, Budi prvi tko označuje ovaj zapis!

MARC

LEADER 00000nam a2200000 a 4500
001 UCG3986
003 CL-VaPUC
008 101004e19690000AG |||||||||||||||||spa|d
082 0 4 |a 860  |b ESC  |2 21 
245 1 0 |a Escritores del medio siglo: antología de prosa y poesía hispanoamericanas 
300 |a 29 p 
942 |c BK 
945 |d 20101004 00:00:00  |a mfarfan 
260 |a Buenos Aires  |b Centro Editor América Latina  |c 1969 
650 0 |a Poesía   |9 265825 
650 0 |a Crítica literaria   |9 269189 
650 7 |a ESCRITORES HISPANOAMERICANOS  |2 CL-VaPUC  |9 547046 
650 0 |a Literatura hispanoamericana  |9 269097 
583 |a last modification  |c 20101004 00:00:00  |k Rodrigo Vera 
490 0 |a Biblioteca Básica Universal 
999 |c 342895  |d 342893 
952 |0 0  |1 0  |4 0  |6 860_000000000000000_ESC_1969  |7 0  |8 A  |9 439587  |a BIBHIS  |b BIBHIS  |d 2019-11-22  |i 4722744  |o 860 ESC 1969  |p 4722744  |r 2025-01-20  |w 2019-11-22  |y BK  |k HIS